000
00239nmm a2200085Ia 4500
008
220120s9999||||xx |||||||||||||||||und||
100
_a
DIGIT-OCT-2009
245
0
_a
Qimo for kids, video lecturers, video tutorials, 3dsmax, pic
260
_c
2005
999
_c
139412
_d
139412